000 00727cam a2200241 4500
008 000000n2000 000 0 eng u
020 _a0117023388
035 _a(Sirsi) u108138
050 _a658.2
110 _aProperty Advisers to the Civil Estate
_93610
245 _aGC/Works/10 (2000) : facilities management : general conditions of contract.
260 _aLondon
_bStationery Office
_c2000
300 _a50p. ; 30cm.
350 _a30.00
520 _aFor Models Forms and Commentary see J62144.
650 _aContracts
_96232
650 _aFM SERVICES
650 _aFACILITIES MANAGEMENT CONTRACTS
650 _aGC/WORKS/10
650 _aPACE
690 _aMANAGEMENT-FACILITIES MANAGEMENT
942 _n0
999 _c100757
_d100757